[Event "Heusenstamm Schloss op"]
[Site "Heusenstamm"]
[Date "2023.11.24"]
[Round "2"]
[White "Froehlich Dill, Astrid"]
[Black "Kovalskyy, Alicia"]
[Result "0-1"]
[WhiteElo "1796"]
[BlackElo "1515"]
[PlyCount "94"]
[EventDate "2023.11.23"]
[EventType "swiss"]
[EventRounds "7"]
[EventCountry "GER"]
[SourceTitle "CB50_2023"]
[SourceDate "2023.12.13"]
[SourceVersion "1"]
[SourceVersionDate "2023.12.13"]
[SourceQuality "1"]

1. d4 d5 2. Nf3 Nf6 3. c4 e6 4. Nc3 Be7 5. Bf4 0-0 6. e3 c5 7. Be2 Nc6 8. h3 a6 9. 0-0 dxc4 10. Bxc4 b5 11. Bb3 Bb7 12. d5 exd5 13. Nxd5 Nxd5 14. Bxd5 Qb6 15. a3 Rad8 16. e4 Na5 17. Qe2 Bxd5 18. exd5 Bf6 19. Rad1 Rfe8 20. Qc2 Nc4 21. Bg5 Nxb2 22. Rb1 Bxg5 23. Nxg5 Qh6 24. Nxf7 Kxf7 25. Rxb2 Rxd5 26. Qb3 Ree5 27. Rc2 c4 28. Qf3+ Qf6 29. Qg3 Qg6 30. Qxg6+ Kxg6 31. f4 Re4 32. g4 Re3 33. f5+ Kg5 34. Kg2 Rxa3 35. Re2 Rdd3 36. Re7 Rg3+ 37. Kf2 Rgf3+ 38. Kg2 Rxf1 39. Kxf1 Kf6 40. Re6+ Kf7 41. Kf2 c3 42. Ke2 b4 43. Rb6 c2 44. Kd2 Rc3 45. Kc1 b3 46. g5 Rd3 47. Kb2 Rd1 0-1

[Event "Rhein Main op-A 24th"]
[Site "Bad Homburg"]
[Date "2022.06.18"]
[Round "5"]
[White "Froehlich Dill, Astrid"]
[Black "Kuhn, Gerhard"]
[Result "0-1"]
[WhiteElo "1795"]
[BlackElo "1972"]
[PlyCount "40"]
[EventDate "2022.06.15"]
[EventType "swiss"]
[EventRounds "7"]
[EventCountry "GER"]
[SourceTitle "EXT 2023"]
[Source "ChessBase"]
[SourceDate "2022.10.05"]
[SourceVersion "1"]
[SourceVersionDate "2022.10.05"]
[SourceQuality "1"]

1. d4 Nf6 2. Nf3 g6 3. c4 Bg7 4. Nc3 d5 5. Bf4 0-0 6. e3 c5 7. Be2 cxd4 8. exd4 Nc6 9. 0-0 dxc4 10. Bxc4 b6 11. h3 Bb7 12. Qd2 Rc8 13. Rac1 Na5 14. Be2 Nc4 15. Bxc4 Rxc4 16. Nb5 Rxc1 17. Rxc1 Bxf3 18. gxf3 Qd7 19. Qe2 a6 20. Rc7 Qxb5 0-1

[Event "Rhein Main op-A 24th"]
[Site "Bad Homburg"]
[Date "2022.06.16"]
[Round "3"]
[White "Bischoff, Ulrich"]
[Black "Froehlich Dill, Astrid"]
[Result "1-0"]
[WhiteElo "1993"]
[BlackElo "1795"]
[PlyCount "109"]
[EventDate "2022.06.15"]
[EventType "swiss"]
[EventRounds "7"]
[EventCountry "GER"]
[SourceTitle "EXT 2023"]
[Source "ChessBase"]
[SourceDate "2022.10.05"]
[SourceVersion "1"]
[SourceVersionDate "2022.10.05"]
[SourceQuality "1"]

1. d4 Nf6 2. c4 e6 3. Nf3 b6 4. g3 Bb7 5. Bg2 c5 6. d5 exd5 7. Nh4 Qc7 8. cxd5 d6 9. Nc3 a6 10. a4 g6 11. 0-0 Bg7 12. e4 Nbd7 13. Nf3 0-0 14. Nd2 c4 15. Nf3 Rfe8 16. Qc2 Ng4 17. Bf4 Nge5 18. Rfd1 Nd3 19. Be3 N7c5 20. Nd4 Bxd4 21. Bxd4 Nb3 22. Bf6 h6 23. Rab1 Nbc5 24. Qe2 Bc8 25. b3 Nd7 26. Bd4 N3e5 27. f4 Nd3 28. bxc4 N3c5 29. Re1 Nf8 30. e5 Bf5 31. Ne4 Bxe4 32. Bxe4 Nxa4 33. Bc2 Nc5 34. Qf2 dxe5 35. fxe5 Ncd7 36. d6 Qc8 37. Rf1 f5 38. exf6 Kf7 39. Ba4 Re6 40. Rfe1 Nc5 41. Bc2 Rxe1+ 42. Rxe1 Nce6 43. Qe3 Qd7 44. Be5 g5 45. Qf3 Ra7 46. Qh5+ Kg8 47. Qxh6 Qc6 48. f7+ Kxf7 49. Qf6+ Ke8 50. Bg6+ Kd7 51. Qe7+ Kc8 52. Qxa7 Nxg6 53. Qxa6+ Kd7 54. Qa7+ Kd8 55. d7 1-0

[Event "BL2 Sued 2122 (Women)"]
[Site "Germany"]
[Date "2022.04.10"]
[Round "7.4"]
[White "Froehlich Dill, Astrid"]
[Black "Spiegelberg, Silvia"]
[Result "0-1"]
[WhiteElo "1807"]
[BlackElo "1916"]
[PlyCount "78"]
[EventDate "2021.11.27"]
[EventType "team-tourn"]
[EventRounds "7"]
[EventCountry "GER"]
[SourceTitle "EXT 2023"]
[Source "ChessBase"]
[SourceDate "2022.10.05"]
[SourceVersion "1"]
[SourceVersionDate "2022.10.05"]
[SourceQuality "1"]
[WhiteTeam "Hofheim (W)"]
[BlackTeam "Freiburg Zaehringen (W)"]
[WhiteTeamCountry "GER"]
[BlackTeamCountry "GER"]

1. d4 Nf6 2. Nf3 d5 3. c4 e6 4. Nc3 c5 5. e3 Nc6 6. Be2 a6 7. a3 dxc4 8. Bxc4 Qc7 9. Qe2 Bd6 10. d5 exd5 11. Nxd5 Nxd5 12. Bxd5 0-0 13. 0-0 Bg4 14. h3 Bh5 15. Qc2 Ne7 16. Ba2 Qd7 17. Nh2 Rac8 18. f4 Bg6 19. e4 Qc7 20. g4 h6 21. f5 Bh7 22. Nf3 c4 23. Bd2 b5 24. Bc3 Nc6 25. Rad1 Rcd8 26. Qg2 Ne5 27. Kh1 Nxf3 28. Qxf3 Be5 29. Rd5 Rxd5 30. exd5 Rd8 31. Rd1 Qd6 32. Bb1 Re8 33. Bb4 Qd7 34. Bc3 Bxc3 35. bxc3 Qd6 36. Be4 Kh8 37. Ra1 f6 38. Rd1 Bg8 39. Ra1 Rxe4 0-1

[Event "BL2 Sued 2122 (Women)"]
[Site "Germany"]
[Date "2022.04.09"]
[Round "6.4"]
[White "Rubina, Tatiana"]
[Black "Froehlich Dill, Astrid"]
[Result "1-0"]
[WhiteElo "1978"]
[BlackElo "1807"]
[PlyCount "63"]
[EventDate "2021.11.27"]
[EventType "team-tourn"]
[EventRounds "7"]
[EventCountry "GER"]
[SourceTitle "EXT 2023"]
[Source "ChessBase"]
[SourceDate "2022.10.05"]
[SourceVersion "1"]
[SourceVersionDate "2022.10.05"]
[SourceQuality "1"]
[WhiteTeam "Karlsruhe (W)"]
[BlackTeam "Hofheim (W)"]
[WhiteTeamCountry "GER"]
[BlackTeamCountry "GER"]

1. e4 e5 2. Nf3 Nc6 3. Bb5 d6 4. d4 Bd7 5. 0-0 Nge7 6. c3 a6 7. Ba4 Ng6 8. Re1 Be7 9. Nbd2 b5 10. Bc2 0-0 11. a4 f5 12. exf5 Bxf5 13. Bxf5 Rxf5 14. axb5 axb5 15. Rxa8 Qxa8 16. Qb3+ Kh8 17. Qxb5 Nh4 18. d5 Na7 19. Qd7 Qf8 20. Qxc7 Nc8 21. Re4 Rf7 22. Rc4 e4 23. Nxh4 e3 24. fxe3 Na7 25. Qxa7 Bd8 26. Qb8 g5 27. Rc8 Rd7 28. Nhf3 Qe7 29. Nf1 Kg7 30. Nd4 Kg6 31. Nc6 Qf6 32. Rxd8 1-0

[Event "BL2 Sued 2122 (Women)"]
[Site "Germany"]
[Date "2021.11.27"]
[Round "1.5"]
[White "Pils, Martina"]
[Black "Froehlich Dill, Astrid"]
[Result "0-1"]
[WhiteElo "1585"]
[BlackElo "1848"]
[PlyCount "84"]
[EventDate "2021.11.27"]
[EventType "team-tourn"]
[EventRounds "7"]
[EventCountry "GER"]
[SourceTitle "EXT 2023"]
[Source "ChessBase"]
[SourceDate "2022.10.05"]
[SourceVersion "1"]
[SourceVersionDate "2022.10.05"]
[SourceQuality "1"]
[WhiteTeam "Forstenried (W)"]
[BlackTeam "Hofheim (W)"]
[WhiteTeamCountry "GER"]
[BlackTeamCountry "GER"]

1. e4 e6 2. d4 b6 3. Nc3 Bb7 4. Bd3 Bb4 5. Bd2 Nf6 6. Qe2 0-0 7. f4 c5 8. Nf3 Nc6 9. dxc5 bxc5 10. Nb5 d5 11. e5 Bxd2+ 12. Nxd2 c4 13. Bxc4 dxc4 14. exf6 Qxf6 15. 0-0-0 a6 16. Nc3 Nd4 17. Qf2 Nb5 18. Nde4 Qe7 19. a4 Nxc3 20. Nxc3 Qb4 21. Qd4 Bd5 22. Nxd5 exd5 23. Qxd5 c3 24. Qb3 Qxf4+ 25. Kb1 cxb2 26. g3 Qc7 27. Rd4 Rab8 28. Qa3 Rfc8 29. Qd3 g6 30. Rf1 Qc6 31. Qd2 Qc5 32. Rd3 Rb4 33. Rd8+ Rxd8 34. Qxd8+ Qf8 35. Qd7 a5 36. Ka2 Rb8 37. Qd5 Rc8 38. Qb3 Rb8 39. Qc4 Rb4 40. Qd5 Rxa4+ 41. Kxb2 Qa3+ 42. Kb1 Qa1# 0-1

[Event "BL 1920 (Women)"]
[Site "Germany"]
[Date "2021.09.04"]
[Round "10.6"]
[White "Mkrtchian, Lilit"]
[Black "Froehlich Dill, Astrid"]
[Result "1-0"]
[WhiteElo "2408"]
[BlackElo "1861"]
[PlyCount "105"]
[EventDate "2019.09.14"]
[EventType "team-tourn"]
[EventRounds "11"]
[EventCountry "GER"]
[SourceTitle "EXT 2022"]
[Source "ChessBase"]
[SourceDate "2021.10.06"]
[SourceVersion "1"]
[SourceVersionDate "2021.10.06"]
[SourceQuality "1"]
[WhiteTeam "Schwaebisch Hall (W)"]
[BlackTeam "Hofheim (W)"]
[WhiteTeamCountry "GER"]
[BlackTeamCountry "GER"]

1. e4 e6 2. d4 b6 3. Nf3 Bb7 4. Bd3 c5 5. c3 Nc6 6. d5 Na5 7. c4 f6 8. Nc3 e5 9. Nh4 g6 10. f4 d6 11. f5 Ne7 12. g4 g5 13. Nf3 h6 14. h4 Bg7 15. a3 Bc8 16. b4 Nb7 17. Be3 Bd7 18. Kf2 Qc7 19. Nd2 0-0-0 20. Nf1 Rdf8 21. Ng3 Be8 22. Rh2 h5 23. hxg5 h4 24. Nge2 fxg5 25. Bxg5 Bf6 26. Bxf6 Rxf6 27. Qd2 Ng8 28. g5 Rf7 29. Rah1 Rfh7 30. b5 Na5 31. Nc1 Qg7 32. Rh3 Rh5 33. Rg1 Qf8 34. Ke1 R5h7 35. Nd1 Rg7 36. Nf2 Nb7 37. Be2 Nd8 38. Rgh1 Rgh7 39. Qe3 Qg7 40. Nb3 Bh5 41. Rxh4 Bxe2 42. Rxh7 Rxh7 43. Rxh7 Qxh7 44. Kxe2 Qh5+ 45. Kd2 Nf7 46. Nh3 Qg4 47. Nc1 Qg2+ 48. Ne2 Kd7 49. f6 Qg4 50. Kd3 Qh5 51. Qg3 Nh8 52. Nf2 Qg6 53. Qh3+ 1-0

[Event "Heusenstamm Sparkassen op-A 6th"]
[Site "Heusenstamm"]
[Date "2019.11.22"]
[Round "2"]
[White "Froehlich Dill, Astrid"]
[Black "Krischak, Werner"]
[Result "1-0"]
[WhiteElo "1871"]
[BlackElo "1684"]
[PlyCount "129"]
[EventDate "2019.11.21"]
[EventType "swiss"]
[EventRounds "7"]
[EventCountry "GER"]
[SourceTitle "CBM 194 Extra"]
[Source "ChessBase"]
[SourceDate "2020.03.31"]
[SourceVersion "1"]
[SourceVersionDate "2020.03.31"]
[SourceQuality "1"]

1. d4 d5 2. Nf3 Nf6 3. c4 e6 4. Nc3 Be7 5. Bf4 c6 6. e3 Nbd7 7. Rc1 0-0 8. Bd3 dxc4 9. Bxc4 b5 10. Bd3 Bb7 11. h3 a6 12. 0-0 c5 13. Qe2 c4 14. Bb1 b4 15. Na4 a5 16. Rfd1 Ba6 17. Qc2 Rc8 18. Ne5 g6 19. Nc5 Nxc5 20. dxc5 Qe8 21. c6 Bb5 22. Bh6 Bxc6 23. Nxc6 Qxc6 24. Bxf8 Bxf8 25. Rd4 c3 26. bxc3 bxc3 27. Qd3 Nd5 28. Bc2 Nb4 29. Qe2 Bg7 30. Rh4 Bf6 31. Rf4 e5 32. Be4 Qe6 33. Rf3 Nxa2 34. Rc2 Nb4 35. Rc1 Be7 36. Bb1 Qb3 37. e4 Bg5 38. Rf1 Qb2 39. Qb5 c2 40. Bxc2 Qxc2 41. Qxe5 Qc5 42. Qg3 Bd2 43. Qg4 Re8 44. Qd7 Re7 45. Qxd2 Rxe4 46. Rc1 Qe5 47. Qd8+ Kg7 48. Qd7 Rf4 49. Rxf4 Qxf4 50. Rd1 Na2 51. Qd4+ Qf6 52. Qxf6+ Kxf6 53. Ra1 Nc3 54. Rxa5 Ne2+ 55. Kf1 Nf4 56. h4 h6 57. g3 Ne6 58. Kg2 g5 59. Kh3 Kg6 60. Ra6 Kf5 61. Ra5+ Ke4 62. hxg5 hxg5 63. Kg4 f6 64. f3+ Ke3 65. Rf5 1-0

[Event "Heusenstamm Sparkassen op-A 6th"]
[Site "Heusenstamm"]
[Date "2019.11.22"]
[Round "3"]
[White "Gallasch, Robin"]
[Black "Froehlich Dill, Astrid"]
[Result "1-0"]
[WhiteElo "2072"]
[BlackElo "1871"]
[PlyCount "133"]
[EventDate "2019.11.21"]
[EventType "swiss"]
[EventRounds "7"]
[EventCountry "GER"]
[SourceTitle "CBM 194 Extra"]
[Source "ChessBase"]
[SourceDate "2020.03.31"]
[SourceVersion "1"]
[SourceVersionDate "2020.03.31"]
[SourceQuality "1"]

1. d4 Nf6 2. c4 e6 3. Nf3 b6 4. g3 Bb7 5. Bg2 Bb4+ 6. Bd2 Qe7 7. Nc3 Ne4 8. 0-0 Nxd2 9. Qxd2 0-0 10. Qc2 Bxc3 11. Qxc3 d6 12. Rfd1 Nd7 13. d5 e5 14. b4 f5 15. Rab1 h6 16. Nd2 a5 17. a3 Ra7 18. Nb3 a4 19. Nc1 e4 20. f4 g5 21. e3 gxf4 22. gxf4 Qh4 23. Ne2 Nf6 24. Qe1 Qxe1+ 25. Rxe1 c5 26. Bh3 Bc8 27. Ng3 Ne8 28. Kf2 Kh7 29. Rg1 Ng7 30. bxc5 bxc5 31. Rb8 Rb7 32. Rb1 Rxb1 33. Rxb1 Ba6 34. Bf1 Rf6 35. Rb6 Bc8 36. Be2 Ne8 37. Bh5 Ng7 38. Be2 Bd7 39. Rb7 Be8 40. Ra7 Rf8 41. Nh5 Bxh5 42. Bxh5 Rb8 43. Be2 Kg6 44. Rxa4 Rb2 45. Ra7 Ne8 46. Re7 Nf6 47. Re6 Kg7 48. h3 Nh5 49. Rxd6 Ng3 50. Kxg3 Rxe2 51. Rc6 Rxe3+ 52. Kg2 Rxa3 53. Rxc5 Rd3 54. Rc6 h5 55. d6 Kf7 56. Rc7+ Ke6 57. c5 h4 58. Re7+ Kf6 59. Rh7 Rd5 60. d7 Kg6 61. c6 Kxh7 62. c7 Rxd7 63. c8Q Rg7+ 64. Kf2 Rf7 65. Qd8 Kg7 66. Qxh4 Rf6 67. Qg5+ 1-0

[Event "Heusenstamm Sparkassen op-A 6th"]
[Site "Heusenstamm"]
[Date "2019.11.21"]
[Round "1"]
[White "Wiley, Tom E"]
[Black "Froehlich Dill, Astrid"]
[Result "1-0"]
[WhiteElo "2141"]
[BlackElo "1871"]
[PlyCount "71"]
[EventDate "2019.11.21"]
[EventType "swiss"]
[EventRounds "7"]
[EventCountry "GER"]
[SourceTitle "CBM 194 Extra"]
[Source "ChessBase"]
[SourceDate "2020.03.31"]
[SourceVersion "1"]
[SourceVersionDate "2020.03.31"]
[SourceQuality "1"]

1. d4 Nf6 2. c4 e6 3. Nc3 b6 4. e4 Bb4 5. e5 Ne4 6. Qg4 Bb7 7. a3 Bxc3+ 8. bxc3 g6 9. Ne2 h5 10. Qf4 g5 11. Qe3 g4 12. h4 g3 13. Nxg3 Nxg3 14. Qxg3 Qe7 15. Bg5 Qf8 16. Be2 Be4 17. Bf3 Bxf3 18. Qxf3 Nc6 19. 0-0 Rb8 20. Bf6 Rh6 21. Bg5 Rh7 22. Rfb1 Ne7 23. a4 Nf5 24. a5 Ne7 25. axb6 cxb6 26. Rxa7 Nc6 27. Ra6 f5 28. exf6 Kf7 29. Raxb6 Rxb6 30. Rxb6 Qa8 31. Qe4 Rh8 32. d5 exd5 33. cxd5 Qa1+ 34. Rb1 Qxc3 35. dxc6 dxc6 36. Rb7+ 1-0

[Event "Wiesbaden op 31st"]
[Site "Wiesbaden"]
[Date "2019.08.22"]
[Round "1"]
[White "Scholz, Christian"]
[Black "Froehlich Dill, Astrid"]
[Result "1-0"]
[WhiteElo "2372"]
[BlackElo "1866"]
[PlyCount "93"]
[EventDate "2019.08.22"]
[EventType "swiss"]
[EventRounds "7"]
[EventCountry "GER"]
[SourceTitle "EXT 2020"]
[Source "ChessBase"]
[SourceDate "2019.10.17"]
[SourceVersion "1"]
[SourceVersionDate "2019.10.17"]
[SourceQuality "1"]

1. d4 Nf6 2. c4 e6 3. Nf3 b6 4. a3 Bb7 5. Nc3 Be7 6. Qc2 c5 7. d5 Ba6 8. e4 d6 9. dxe6 fxe6 10. e5 dxe5 11. Ng5 Qd7 12. Bd3 Nc6 13. Be3 0-0-0 14. 0-0-0 Nd4 15. Bxd4 cxd4 16. Nxe6 Kb8 17. Nxd8 Rxd8 18. Ne4 g6 19. Nxf6 Bxf6 20. f3 Rc8 21. Kb1 Qc7 22. b3 Be7 23. Ka2 b5 24. Qb2 b4 25. a4 Bg5 26. Qc2 Qe7 27. Be4 Rc5 28. Qf2 Ra5 29. h4 Be3 30. Qc2 Bc8 31. g3 Qf7 32. Rdf1 Be6 33. Kb2 Qg7 34. Qd3 Qh6 35. Kc2 Rc5 36. f4 exf4 37. gxf4 Rh5 38. f5 gxf5 39. Bxf5 Bxf5 40. Rxf5 Rxh4 41. Rxh4 Qxh4 42. Rf8+ Kc7 43. Rf7+ Kb8 44. Qxh7 d3+ 45. Qxd3 Qh2+ 46. Kb1 Qg1+ 47. Rf1 1-0

[Event "Frankfurt-chA"]
[Site "Frankfurt"]
[Date "2019.06.03"]
[Round "6"]
[White "Rondonuwu, Grover"]
[Black "Froehlich Dill, Astrid"]
[Result "1-0"]
[WhiteElo "2043"]
[BlackElo "1810"]
[PlyCount "77"]
[EventDate "2019.04.29"]
[EventType "swiss"]
[EventRounds "7"]
[EventCountry "GER"]
[SourceTitle "EXT 2020"]
[Source "ChessBase"]
[SourceDate "2019.10.17"]
[SourceVersion "1"]
[SourceVersionDate "2019.10.17"]
[SourceQuality "1"]

1. d4 Nf6 2. c4 e6 3. Nc3 b6 4. Nf3 Bb7 5. g3 c5 6. d5 d6 7. Bg2 Be7 8. 0-0 0-0 9. a4 Na6 10. e4 e5 11. Ne1 Nd7 12. f4 f5 13. Nd3 Nb4 14. fxe5 Nxd3 15. exd6 Bxd6 16. Qxd3 Ne5 17. Qe2 Ba6 18. b3 g6 19. Bb2 Qg5 20. Nb5 Bxb5 21. axb5 Rfe8 22. Rae1 Ng4 23. Qd3 Ne5 24. Qe2 Ng4 25. Qd3 Ne5 26. Qc3 Re7 27. Re2 Rf8 28. exf5 Rxf5 29. Rxf5 Qxf5 30. Be4 Qg4 31. Re1 Nf3+ 32. Bxf3 Rxe1+ 33. Qxe1 Qxf3 34. Qe6+ Qf7 35. Qxd6 Qf3 36. Qe6+ Kf8 37. Qf6+ Qxf6 38. Bxf6 Kf7 39. Be5 1-0

[Event "Hessen-chA"]
[Site "Frankfurt"]
[Date "2019.05.31"]
[Round "3"]
[White "Froehlich Dill, Astrid"]
[Black "Thomas, Tobias"]
[Result "1-0"]
[WhiteElo "1845"]
[BlackElo "1942"]
[PlyCount "75"]
[EventDate "2019.05.30"]
[EventType "swiss"]
[EventRounds "7"]
[EventCountry "GER"]
[SourceTitle "EXT 2020"]
[Source "ChessBase"]
[SourceDate "2019.10.17"]
[SourceVersion "1"]
[SourceVersionDate "2019.10.17"]
[SourceQuality "1"]

1. d4 Nf6 2. c4 g6 3. Nc3 d5 4. Bf4 Bg7 5. Nf3 0-0 6. e3 c5 7. Be5 Nc6 8. cxd5 Nxe5 9. dxe5 Ng4 10. Bc4 Nxe5 11. Nxe5 Bxe5 12. 0-0 a6 13. a4 Qb6 14. Qe2 Qb4 15. Rfc1 Rb8 16. a5 Bd7 17. f4 Bg7 18. Rc2 Rfe8 19. h3 e5 20. f5 Bxf5 21. Ra4 Bxc2 22. Qxc2 b5 23. Rxb4 cxb4 24. Nxb5 axb5 25. Bb3 e4 26. d6 Red8 27. Qc7 Bxb2 28. a6 Be5 29. Qxf7+ Kh8 30. d7 Rf8 31. Qd5 Bc3 32. Qxe4 Ra8 33. Qb7 Bd2 34. e4 Be3+ 35. Kh2 Bf4+ 36. g3 Be3 37. h4 Bd4 38. Bd5 1-0

[Event "Hessen-chA"]
[Site "Frankfurt"]
[Date "2019.05.30"]
[Round "2"]
[White "Kolker, Vladislav"]
[Black "Froehlich Dill, Astrid"]
[Result "1-0"]
[WhiteElo "2023"]
[BlackElo "1845"]
[PlyCount "97"]
[EventDate "2019.05.30"]
[EventType "swiss"]
[EventRounds "7"]
[EventCountry "GER"]
[SourceTitle "EXT 2020"]
[Source "ChessBase"]
[SourceDate "2019.10.17"]
[SourceVersion "1"]
[SourceVersionDate "2019.10.17"]
[SourceQuality "1"]

1. e4 e6 2. Nf3 b6 3. d3 Bb7 4. g3 c5 5. Bg2 g6 6. 0-0 Bg7 7. c3 Ne7 8. Bf4 d6 9. Nbd2 0-0 10. Nc4 e5 11. Bd2 Ba6 12. Qe2 b5 13. Ne3 Nbc6 14. Nh4 Qd7 15. f4 exf4 16. gxf4 Bf6 17. Be1 b4 18. Ng4 Bg7 19. Bh3 f5 20. Ne3 Rae8 21. Rd1 Qc7 22. exf5 Nxf5 23. Nhxf5 gxf5 24. Qf3 Ne7 25. Rf2 Bc8 26. cxb4 Rf6 27. Bg2 Rg6 28. Kh1 Kh8 29. bxc5 dxc5 30. Rc2 Rg8 31. Bg3 Rh6 32. d4 Rc6 33. d5 Rh6 34. b4 Bb7 35. bxc5 Bf8 36. c6 Ba8 37. Nc4 Nc8 38. Be1 Nd6 39. Bc3+ Bg7 40. Be5 Bxe5 41. Nxe5 Ne4 42. Qd3 Ng3+ 43. Kg1 Rxh2 44. Kxh2 Qg7 45. d6 Qh6+ 46. Kg1 Qxf4 47. Qd4 Qxd4+ 48. Rxd4 Bxc6 49. Nxc6 1-0

[Event "Frankfurt-chA"]
[Site "Frankfurt"]
[Date "2019.05.27"]
[Round "5"]
[White "Froehlich Dill, Astrid"]
[Black "Zeyen, Helmut"]
[Result "1-0"]
[WhiteElo "1810"]
[BlackElo "1725"]
[PlyCount "71"]
[EventDate "2019.04.29"]
[EventType "swiss"]
[EventRounds "7"]
[EventCountry "GER"]
[SourceTitle "EXT 2020"]
[Source "ChessBase"]
[SourceDate "2019.10.17"]
[SourceVersion "1"]
[SourceVersionDate "2019.10.17"]
[SourceQuality "1"]

1. d4 d5 2. Nf3 Nc6 3. Bf4 Bg4 4. e3 e6 5. Be2 Bxf3 6. Bxf3 Bd6 7. Bxd6 cxd6 8. 0-0 Nf6 9. Nd2 0-0 10. c4 dxc4 11. Nxc4 d5 12. Nd2 Qb6 13. Nb3 e5 14. Rc1 e4 15. Be2 Nd7 16. Qd2 Rac8 17. Nc5 Ncb8 18. b4 Nxc5 19. dxc5 Qe6 20. Rfd1 Nc6 21. b5 Ne7 22. Qa5 b6 23. cxb6 Qxb6 24. Qa3 Rxc1 25. Rxc1 Rc8 26. Rxc8+ Nxc8 27. Qc3 Nd6 28. a4 Kf8 29. a5 Qb7 30. Qc5 Ke7 31. a6 Qa8 32. b6 axb6 33. Qxb6 Ke6 34. a7 Qc8 35. g3 Qc1+ 36. Bf1 1-0

[Event "Hofheim Spring op-B 7th"]
[Site "Hofheim"]
[Date "2019.04.26"]
[Round "7"]
[White "Froehlich Dill, Astrid"]
[Black "Engel, Jan"]
[Result "1/2-1/2"]
[WhiteElo "1798"]
[BlackElo "1881"]
[PlyCount "112"]
[EventDate "2019.04.23"]
[EventType "swiss"]
[EventRounds "9"]
[EventCountry "GER"]
[SourceTitle "CBM 190 Extra"]
[Source "ChessBase"]
[SourceDate "2019.07.15"]
[SourceVersion "1"]
[SourceVersionDate "2019.07.15"]
[SourceQuality "1"]

1. d4 Nf6 2. c4 e6 3. Nc3 Bb4 4. Bd2 0-0 5. e3 c5 6. a3 Bxc3 7. Bxc3 Ne4 8. Qc2 f5 9. Nf3 b6 10. d5 d6 11. dxe6 Bb7 12. 0-0-0 Nxc3 13. Qxc3 Qe7 14. h4 Qxe6 15. Ng5 Qf6 16. Qd3 Nd7 17. Qxd6 Qxd6 18. Rxd6 Nf6 19. f3 Rae8 20. Bd3 Rxe3 21. Bxf5 Bc8 22. Bxc8 Rxc8 23. Rhd1 Rce8 24. Rd8 Kf8 25. Rxe8+ Kxe8 26. Kd2 Re7 27. Kc3 Re2 28. Rd2 Re1 29. Kd3 h6 30. Ne4 Nxe4 31. fxe4 Rh1 32. b4 Rxh4 33. bxc5 bxc5 34. Rb2 Rg4 35. Rb8+ Ke7 36. Rb7+ Ke6 37. Rxa7 Rxg2 38. a4 Ke5 39. Re7+ Kf6 40. Rc7 Rg3+ 41. Kd2 Ke5 42. Rxc5+ Kxe4 43. Rd5 g5 44. Rd6 h5 45. a5 h4 46. a6 Ra3 47. Ke2 Ra2+ 48. Kf1 Kf3 49. Rd3+ Kg4 50. c5 Rxa6 51. Rc3 Rc6 52. Kg2 Kf4 53. Kh3 g4+ 54. Kh2 h3 55. Rc4+ Kg5 56. Kg3 Kf5 1/2-1/2

[Event "Hofheim Spring op-B 7th"]
[Site "Hofheim"]
[Date "2019.04.26"]
[Round "6"]
[White "Froehlich Dill, Astrid"]
[Black "Krischak, Werner"]
[Result "1-0"]
[WhiteElo "1798"]
[BlackElo "1775"]
[PlyCount "103"]
[EventDate "2019.04.23"]
[EventType "swiss"]
[EventRounds "9"]
[EventCountry "GER"]
[SourceTitle "CBM 190 Extra"]
[Source "ChessBase"]
[SourceDate "2019.07.15"]
[SourceVersion "1"]
[SourceVersionDate "2019.07.15"]
[SourceQuality "1"]

1. d4 d5 2. Nf3 Nf6 3. c4 c6 4. e3 Bf5 5. Nc3 e6 6. Be2 Nbd7 7. Bd2 h6 8. a3 Be7 9. 0-0 0-0 10. cxd5 exd5 11. b4 a6 12. Rc1 b5 13. Qb3 a5 14. Na2 a4 15. Qb2 Rc8 16. Ne1 Nb6 17. f3 Ne8 18. Rc3 Nd6 19. Nd3 Nbc4 20. Qc1 Nxd2 21. Qxd2 Nc4 22. Qc1 Bg5 23. f4 Be7 24. Ne5 Be4 25. Bf3 Bxf3 26. Rxf3 Re8 27. Qc2 Nxe5 28. fxe5 Qd7 29. Nc1 f6 30. Nd3 Bd8 31. Nc5 Qa7 32. Qf5 Rc7 33. Qg6 Rf7 34. e6 Rff8 35. Nd7 Rxe6 36. Nxf8 Kxf8 37. Qh7 Qf7 38. Rc1 Bc7 39. Rcf1 Qh5 40. g3 Kf7 41. Qc2 Kg8 42. Kg2 Qe8 43. Qd3 g6 44. Rxf6 Re4 45. R6f3 g5 46. h3 h5 47. Rf5 Bf4 48. gxf4 gxf4 49. Rg5+ Kh7 50. Rxf4 Kh6 51. h4 Rxe3 52. Rf6+ 1-0

[Event "Hofheim Spring op-B 7th"]
[Site "Hofheim"]
[Date "2019.04.25"]
[Round "5"]
[White "Srimathi, R."]
[Black "Froehlich Dill, Astrid"]
[Result "1-0"]
[WhiteElo "1782"]
[BlackElo "1798"]
[PlyCount "57"]
[EventDate "2019.04.23"]
[EventType "swiss"]
[EventRounds "9"]
[EventCountry "GER"]
[SourceTitle "CBM 190 Extra"]
[Source "ChessBase"]
[SourceDate "2019.07.15"]
[SourceVersion "1"]
[SourceVersionDate "2019.07.15"]
[SourceQuality "1"]

1. e4 e6 2. d4 b6 3. Nc3 Bb7 4. Bd3 Bb4 5. Nge2 c5 6. dxc5 bxc5 7. 0-0 Nc6 8. Bf4 d6 9. Bc4 Bxc3 10. Nxc3 Nd4 11. Bb5+ Ke7 12. Bd3 f6 13. Ne2 g5 14. Bg3 h5 15. Nxd4 cxd4 16. f4 h4 17. Be1 Nh6 18. fxg5 fxg5 19. Qd2 Rg8 20. Bxh4 Kd7 21. Bg3 e5 22. a4 Qe7 23. Qb4 Rab8 24. Bb5+ Kc8 25. Qc4+ Kd8 26. Be1 Rc8 27. Ba5+ Rc7 28. Bxc7+ Qxc7 29. Qe6 1-0

[Event "Hofheim Spring op-B 7th"]
[Site "Hofheim"]
[Date "2019.04.24"]
[Round "3"]
[White "Stock, Juergen"]
[Black "Froehlich Dill, Astrid"]
[Result "1-0"]
[WhiteElo "1921"]
[BlackElo "1798"]
[PlyCount "158"]
[EventDate "2019.04.23"]
[EventType "swiss"]
[EventRounds "9"]
[EventCountry "GER"]
[SourceTitle "CBM 190 Extra"]
[Source "ChessBase"]
[SourceDate "2019.07.15"]
[SourceVersion "1"]
[SourceVersionDate "2019.07.15"]
[SourceQuality "1"]

1. d4 Nf6 2. c3 b6 3. Bg5 e6 4. e3 Bb7 5. Nd2 Be7 6. Ngf3 d5 7. Bd3 Nbd7 8. Bxf6 Nxf6 9. Ne5 0-0 10. 0-0 c5 11. f4 a6 12. Rf3 Ne4 13. Rh3 g6 14. g4 f6 15. Nef3 Kg7 16. f5 Qd7 17. fxg6 hxg6 18. g5 e5 19. Rh4 Nxd2 20. Nxd2 fxg5 21. Rh7+ Kg8 22. Bxg6 g4 23. dxe5 Qe6 24. Bc2 Bc8 25. Qe2 Qxe5 26. Rf1 Rxf1+ 27. Nxf1 Bg5 28. Qd3 Qe4 29. Rh5 Bf6 30. Qxe4 dxe4 31. Bxe4 Ra7 32. Z0 Rd7 33. Bd5+ Kg7 34. Ng3 Kg6 35. e4 Z0 36. Kf1 Bg5 37. Rh8 Rd8 38. Rxd8 Bxd8 39. e5 Bc7 40. Be4+ Kf7 41. Bf5 Bxf5 42. Nxf5 Ke6 43. Ne3 Kxe5 44. Nxg4+ Kf4 45. Nf6 Kf3 46. h4 Bd8 47. Nd7 Kg4 48. h5 Kxh5 49. Nb8 a5 50. Ke2 Kg5 51. Kd3 Kf5 52. Kc4 Ke6 53. Kb5 Kd6 54. Nc6 Bc7 55. Na7 Kd7 56. a4 Bd8 57. Ka6 Kc7 58. Nb5+ Kc6 59. c4 Bf6 60. b3 Be5 61. Ka7 Bg3 62. Ka8 Bf4 63. Nc3 Bc7 64. Nd5 Bd6 65. Ka7 Bc7 66. Ne7+ Kd7 67. Kb7 Bd8 68. Nd5 Kd6 69. Nxb6 Bc7 70. Nc8+ Kd7 71. Na7 Bd8 72. Nb5 Be7 73. Kb6 Kc8 74. Na7+ Kd7 75. Kxa5 Kc7 76. Kb5 Kb7 77. Nc6 Bd6 78. Nd8+ Kc7 79. Ne6+ Kb7 1-0